L'ermite blanc et autres récits / (Record no. 127167)

MARC details
000 -LEADER
campo de control de longitud fija 00658nam a2200193 4500
001 - NÚMERO DE CONTROL
campo de control 127167
003 - IDENTIFICADOR DE NÚMERO DE CONTROL
campo de control ES-MaACL
005 - FECHA Y HORA DE LA ÚLTIMA TRANSACCIÓN
campo de control 20230906192945.0
007 - CAMPO FIJO DE DESCRIPCIÓN FÍSICA--INFORMACIÓN GENERAL
campo de control de longitud fija t|
008 - DATOS DE LONGITUD FIJA--INFORMACIÓN GENERAL
campo de control de longitud fija 070214n19001980fr r ||||1| fre d
100 1# - ENTRADA PRINCIPAL--NOMBRE DE PERSONA
Nombre de persona Ricci, Corrado (
Fechas asociadas al nombre 1858-1934)
9 (RLIN) 96877
245 12 - MENCIÓN DEL TÍTULO
Título L'ermite blanc et autres récits /
Mención de responsabilidad, etc. Corrado Ricci ; traduits par Franco Arlotta.
250 ## - MENCION DE EDICION
Mención de edición Nouvelle éd., avec une lettre-préface de M. Lionel de La Laurencie.
260 ## - PUBLICACIÓN, DISTRIBUCIÓN, ETC.
Lugar de publicación, distribución, etc. [Parisl. :
Nombre del editor, distribuidor, etc. s. n.,
Fecha de publicación, distribución, etc. 19--?] (
Lugar de fabricación/manufactura Cannes :
Fabricante Imp. Cannoise)
300 ## - DESCRIPCIÓN FÍSICA
Extensión 90 p. ;
Dimensiones 20 cm.
700 1# - ENTRADA AGREGADA--NOMBRE PERSONAL
Nombre de persona Arlotta, Franco.
9 (RLIN) 22898
700 1# - ENTRADA AGREGADA--NOMBRE PERSONAL
Nombre de persona La Laurencie, Lionel de.
9 (RLIN) 69163
852 ## - LOCALIZACIÓN
Ubicación ES-MaACL
Número de control de estantería D-643
Holdings
Estatus retirado Estado de pérdida Estado de daño No para préstamo Colección Biblioteca de origen Biblioteca actual Ubicación en estantería Fecha de adquisición Fuente de adquisición Total de préstamos Signatura topográfica completa Código de barras Visto por última vez Precio de reemplazo Tipo de ítem Koha
        Libros del s. XIX Biblioteca del Ateneo de Madrid Biblioteca del Ateneo de Madrid Sala Valle Inclán 17/01/2008     D-643 901132452 23/02/2023 23/02/2023 Libro impreso antiguo